000 00373nam a22001577a 4500
003 SGT
020 _a978080663666
082 _a617.605
_bA95S
100 _aSTUEDEVANT, CLIFFORD M.
245 _aTHE ART & SCIENCE OF OPERATIVE DENTISTRY
250 _a3ED
260 _aST. LOUIS
_bMOSBY PUB
_c1995
300 _a477
650 _aOPERATIVE DENTISTRY
942 _2ddc
_cRARE
999 _c22242
_d22242